[Event "HCL-B3763"]
[Site "www.playchess.de"]
[Date "2006.02.03"]
[Round "1"]
[White "unclcarle"]
[Black "TNT2"]
[WhiteElo "1099"]
[BlackElo "1200"]
[PlyCount "68"]
[Result "0-1"]

1.e4 {Greetings frm NYC.  Have a good game}  e5 
{Greetings. Spartansburg SC. good luck.}  2.Nf3 {I 
was in Columbia back in the summer.}  d6 {I live 
in up-state about 2 hr away from Columbia.}  3.Nc3 
{oKww.  My brother lives in Augusta, GA and I was 
visiting him.}  Nf6 {I have been ther few times 
too :-)}  4.Bc4 {It is nice and quiet.}  Bg4 {Yes 
but I had a big ice storm. and 3 days with out 
power and heat.........}  5.h3 {I was home 
visiting my mother a few years ago for Christmas 
and that happened.  Fortunately, she has a fire 
place.  I hope you were able to remain comfortable 
as well.}  Bh5 {Well, I wasn't that lucky.}  6.Be2 
{Sorry to hear that.  I pray that all is well 
now?}  Nc6 {Thank you and my friends sad that is 
OK now. Hollidays I'm in FL Clearwater Beach so is 
nice and worm.
HAPPY Holidays.}  7.O-O {OK good.  Happy holidays 
to you as well.}  Be7 8.d3 O-O 9.Bg5 h6 10.Bxf6 
Bxf6 11.Nd5 Bxf3 12.Bxf3 Nd4 13.Nxf6+ Qxf6 14.Bg4 
c5 15.c3 Nc6 16.a3 b5 17.b4 cxb4 18.axb4 a5 19.Bd7 
Ne7 20.Bxb5 axb4 21.cxb4 Qe6 22.Qc2 d5 23.exd5 
Qxd5 24.Rfe1 Qxb5 25.Qc7 Rxa1 26.Rxa1 Nc6 27.Rc1 
Nxb4 28.Rb1 Rb8 29.Re1 Nxd3 30.Re3 Ra8 31.Qd6 Ra1+ 
32.Kh2 Nxf2 33.Rxe5 Qb3 34.Rf5 Rh1+ {good game!!!} 
 0-1

[Event "HCL-M884"]
[Site "www.playchess.de"]
[Date "2006.02.03"]
[Round "4"]
[White "Blitzmich"]
[Black "RedBishop"]
[WhiteElo "2131"]
[BlackElo "2166"]
[PlyCount "49"]
[Result "1-0"]

1.c4 {Hello and good luck :-)}  b6 {Hi, nice to 
meet you here. Good Luck!}  2.Nc3 Bb7 3.Nf3 f5 
4.g3 Nf6 5.Bg2 e6 6.O-O Bb4 7.d4 O-O 8.Qb3 Bxc3 
9.Qxc3 Ne4 10.Qe3 Nc6 11.Rd1 a5 12.Ng5 Nb4 13.Nxe4 
Nc2 14.Qc3 Nxa1 15.Nf6+ Qxf6 16.Bxb7 Ra7 17.Bg2 c5 
18.Be3 g5 19.dxc5 Qxc3 20.bxc3 Nc2 21.cxb6 Nxe3 
22.fxe3 Ra6 23.c5 d5 24.c4 dxc4 
25.b7 1-0

[Event "HCL-E1569"]
[Site "www.playchess.de"]
[Date "2006.02.03"]
[Round "25"]
[White "hal1958"]
[Black "BohdanL"]
[WhiteElo "1431"]
[BlackElo "1532"]
[PlyCount "49"]
[Result "1-0"]

1.b4 {have a nice game}  e5 {thanks, same to you}  
2.Bb2 Bxb4 3.Bxe5 Nf6 4.e3 Nc6 5.Bb2 O-O 6.Nf3 d5 
7.c4 Bg4 8.cxd5 Nxd5 9.Be2 Re8 10.O-O Qe7 11.h3 
Bh5 12.Nd4 Bxe2 13.Nxe2 Bd6 14.Nbc3 Nb6 15.Nb5 
Rad8 16.Nxd6 Qxd6 17.d4 Ne7 18.Qb3 c5 19.Ba3 Qc6 
20.Bxc5 Ned5 21.Rac1 Qg6 22.Bxb6 Nxb6 23.Rc7 Rdb8 
24.Nf4 Qd6 25.Qxf7+ 1-0

[Event "HCL-A2575"]
[Site "www.playchess.de"]
[Date "2006.02.03"]
[Round "2"]
[White "Chas"]
[Black "sarx"]
[WhiteElo "1478"]
[BlackElo "1169"]
[PlyCount "33"]
[Result "1-0"]

1.e4 e6 2.d4 d5 3.Nc3 Bb4 4.e5 c5 5.Bd2 cxd4 6.Nb5 
Bxd2+ 7.Qxd2 Nc6 8.Nf3 f6 9.Nd6+ Ke7 10.Nxc8+ Qxc8 
11.Bd3 fxe5 12.Qg5+ Nf6 13.Qxg7+ Kd6 14.Qxf6 Qc7 
15.Ng5 Rae8 16.Nf7+ Kd7 17.Nxh8 1-0

[Event "HCL-C4063"]
[Site "www.playchess.de"]
[Date "2006.02.03"]
[Round "13"]
[White "cheloveck"]
[Black "cla114"]
[WhiteElo "976"]
[BlackElo "825"]
[PlyCount "57"]
[Result "1-0"]

1.e4 e5 2.Nf3 Nc6 3.Bc4 Nf6 4.Ng5 d5 5.exd5 Nxd5 
6.Qh5 g6 7.Qf3 Be6 8.Nxe6 fxe6 9.O-O Bc5 10.d3 Qg5 
11.Bxg5 h6 12.Bxd5 exd5 13.Qxd5 Bd6 14.f4 exf4 
15.Bxf4 O-O-O 16.Bxd6 Rxd6 17.Qf7 g5 18.Nc3 Nd4 
19.Qg7 Re8 20.Rf8 Rxf8 21.Qxf8+ Rd8 22.Qxh6 g4 
23.Rf1 Ne2+ 24.Nxe2 b6 25.Rf8 Rxf8 26.Qxf8+ Kb7 
27.h3 gxh3 28.g4 a5 29.g5 1-0

[Event "HCL-E1559"]
[Site "www.playchess.de"]
[Date "2006.02.03"]
[Round "3"]
[White "Matu"]
[Black "Maccdavid"]
[WhiteElo "1564"]
[BlackElo "1639"]
[PlyCount "81"]
[Result "1-0"]

1.Nf3 Nf6 2.b3 g6 3.Bb2 Bg7 4.g3 O-O 5.Bg2 c6 
6.O-O d5 7.e3 Bg4 8.h3 Bxf3 9.Bxf3 Nbd7 10.d4 Qc7 
11.Nd2 h5 12.c4 e6 13.Rc1 Nh7 14.Bg2 Ndf6 15.a3 
Rad8 16.b4 a6 17.Qb3 Bh6 18.Nf3 Ne4 19.Qd3 Nxg3 
20.fxg3 Qxg3 21.Rce1 dxc4 22.Qxc4 Ng5 23.Nxg5 Bxg5 
24.Bc1 Qd6 25.Qc5 Be7 26.Qxd6 Bxd6 27.Bb2 f5 28.e4 
Bg3 29.Red1 f4 30.d5 exd5 31.exd5 Rfe8 32.dxc6 
bxc6 33.Bxc6 Ref8 34.Rxd8 Rxd8 35.Be5 g5 36.Bf3 
Rd3 37.a4 Kf7 38.b5 axb5 39.axb5 Ke6 40.Bc7 Kd7 
41.b6 1-0

[Event "HCL-E1544"]
[Site "www.playchess.de"]
[Date "2006.02.03"]
[Round "4"]
[White "Eishockeytorwart"]
[Black "hal1958"]
[WhiteElo "1949"]
[BlackElo "1444"]
[PlyCount "47"]
[Result "1-0"]

1.e4 {auf ein neues}  e5 2.Nf3 d6 3.d4 Nf6 4.dxe5 
Nxe4 5.Bd3 Nc5 6.O-O Be7 7.exd6 Qxd6 8.Bb5+ Bd7 
9.Nc3 O-O 10.Bg5 Qxd1 11.Raxd1 Bxg5 12.Nxg5 h6 
13.Nf3 Bg4 14.Be2 a6 15.h3 Bxf3 16.Bxf3 c6 17.Rfe1 
Nbd7 18.b4 Ne6 19.Rxd7 Rab8 20.Bg4 Ng5 21.Ree7 
Rfe8 22.Rdxb7 Rxb7 23.Rxe8+ Kh7 
24.a3 1-0

[Event "HCL-B3781"]
[Site "www.playchess.de"]
[Date "2006.02.03"]
[Round "16"]
[White "Jule"]
[Black "ama49"]
[WhiteElo "1407"]
[BlackElo "1217"]
[PlyCount "100"]
[Result "0-1"]

1.e4 {Hello again. And good luck to this new 
game.}  e5 {Hope you had a nice Xmas}  2.Nf3 {Yes 
thank you. I hope the same for you too}  Nc6 3.Bb5 
a6 4.Ba4 b5 5.Bb3 h6 6.O-O Nf6 7.d3 Be7 8.c3 O-O 
9.Nbd2 d5 10.exd5 Nxd5 11.a3 a5 12.Re1 Bf6 13.c4 
bxc4 14.Nxc4 Be6 15.Ba4 {I wish a happy new year}  
Bd7 {and to you!!}  16.Bxc6 Bxc6 17.Ncxe5 Bxe5 
18.Rxe5 Nf6 19.Rc5 Bb7 20.Qc2 c6 21.Bd2 a4 22.Bc3 
Nd5 23.Re1 Re8 24.g3 Rxe1+ 25.Nxe1 Qe7 26.d4 Nxc3 
27.Qxc3 Qe4 28.Nc2 Rd8 29.Re5 Qg6 30.Re1 Qh5 31.h4 
Qd5 32.Ne3 Qxd4 33.Qxd4 Rxd4 34.Nf5 Rd2 35.Rc1 
Rxb2 36.Ne7+ Kf8 37.Nxc6 Bxc6 38.Rxc6 Rb3 39.Kg2 
Rxa3 40.Rc4 Ra1 41.Kf3 a3 42.Rc2 Rb1 43.Ra2 Rb3+ 
44.Kg4 g6 45.f4 f6 46.Kh3 {(offering draw)}  Ke7 
47.Kg4 Ke6 48.Re2+ Kf7 49.Kh3 h5 50.Kg2 
Rb2 0-1

[Event "HCL-M872"]
[Site "www.playchess.de"]
[Date "2006.02.03"]
[Round "6"]
[White "Bauarbeiter"]
[Black "Hopla"]
[WhiteElo "1832"]
[BlackElo "1873"]
[PlyCount "65"]
[Result "1-0"]

1.d4 {Hi. Nice to meet you. Good luck.}  Nf6 2.c4 
Nc6 3.Nf3 e6 4.Bg5 h6 5.Bh4 Bb4+ 6.Nc3 g5 7.Bg3 
Ne4 8.Qc2 d5 9.e3 h5 10.h4 Nxg3 11.fxg3 g4 12.Nd2 
Qd6 13.Kf2 Bxc3 14.c5 Qe7 15.Qxc3 Bd7 16.Bb5 Nb8 
17.Bxd7+ Qxd7 18.Rhf1 Nc6 19.Kg1 Ne7 20.Rf6 Nf5 
21.e4 dxe4 22.d5 {What do you think about a draw?} 
 O-O-O {I like that game. Let's continue a bit...} 
 23.d6 Qc6 24.dxc7 Qxc7 25.Nxe4 Rhf8 26.Rc1 Kb8 
27.Kh2 Nxh4 28.Nd6 Ng6 29.Rcf1 a6 {humm, should 
have accepted the draw. Or maybe that pawn h4 was 
poisened...}  30.R6xf7 {I hope it was poisened. 
Let us see.}  Rxf7 31.Rxf7 Rd7 32.Rf6 Ne7 
33.Rxe6 1-0

[Event "HCL-A2554"]
[Site "www.playchess.de"]
[Date "2006.02.03"]
[Round "30"]
[White "Jule"]
[Black "Sobral"]
[WhiteElo "1432"]
[BlackElo "1701"]
[PlyCount "76"]
[Result "0-1"]

1.Nf3 Nf6 {Hello from Sao Paulo, Brazil !}  2.g3 
{Hello and good luck from Hambourg.Germany}  g6 
3.d4 d5 4.Bg2 Bg7 5.O-O O-O 6.Nbd2 c5 7.c3 Nbd7 
8.dxc5 Nxc5 9.Nd4 e5 10.N4b3 b6 11.c4 Nxb3 12.Nxb3 
Bb7 13.Bg5 e4 14.cxd5 Qxd5 15.Qxd5 Bxd5 16.Rab1 
Bxb3 17.axb3 Rfe8 18.e3 Nd7 19.Rfd1 Nc5 20.b4 Nd3 
21.b5 Rac8 22.b3 Rc5 23.f3 Rxg5 24.fxe4 Nc5 25.Rd5 
Rxd5 26.exd5 Rxe3 27.d6 Rxb3 28.Rxb3 Nxb3 29.d7 
Bf6 30.Bc6 Kf8 31.Kf2 Ke7 32.Ke3 Nc5 33.Kf4 Nxd7 
34.Bxd7 Kxd7 35.Ke4 Kd6 36.g4 h6 37.h3 Kc5 38.Kd3 
Kxb5 0-1

[Event "HCL-E1547"]
[Site "www.playchess.de"]
[Date "2006.02.03"]
[Round "10"]
[White "Jule"]
[Black "Eishockeytorwart"]
[WhiteElo "1393"]
[BlackElo "1938"]
[PlyCount "52"]
[Result "0-1"]

1.d4 {Na dann mal viel Spass bei dieser Partie. 
Werde wohl den Puck kaum aus meinem Drittel 
verteiben können. Macht aber auch nichts}  d5 
{hallo und viel spaß auf ein neues}  2.Nf3 Nf6 
3.h3 c5 4.e3 Nc6 5.Bb5 a6 6.Bxc6+ bxc6 7.dxc5 Qa5+ 
8.c3 Qxc5 9.O-O Qd6 10.Nbd2 e5 11.b3 e4 12.Nd4 Qe5 
13.Bb2 Bd6 14.Re1 Qh2+ 15.Kf1 Qh1+ 16.Ke2 Qxg2 
17.Rg1 Qxh3 18.Rxg7 Qh5+ 19.Ke1 Bg4 20.Qc2 Kf8 
21.Rxg4 Nxg4 22.Nxc6 Nxf2 23.Kxf2 Bg3+ 24.Kxg3 
Rg8+ 25.Kf2 Qh4+ 26.Kf1 Qh1+ 0-1

[Event "HCL-B3723"]
[Site "www.playchess.de"]
[Date "2006.02.03"]
[Round "6"]
[White "ama49"]
[Black "Grunert"]
[WhiteElo "1187"]
[BlackElo "939"]
[PlyCount "115"]
[Result "1-0"]

1.e4 {Hello again!}  e5 {hi}  2.Nf3 d6 3.d4 exd4 
4.Nxd4 Nf6 5.Nc3 Qe7 6.Bb5+ c6 7.Ba4 Nxe4 8.Nxe4 
Qxe4+ 9.Qe2 Qxe2+ 10.Nxe2 Be7 11.O-O O-O 12.h3 b5 
13.Bb3 h6 14.Bf4 Nd7 15.Rad1 d5 16.Nd4 Bb7 17.Nf5 
Bf6 18.c3 Bc8 19.Nd4 Bxd4 20.Rxd4 Nf6 21.Be5 Bb7 
22.Bd1 Rfe8 23.Bxf6 gxf6 24.Rf4 Re6 25.Bg4 Re5 
26.Rxf6 Kg7 27.Rf4 Re2 28.Bxe2 Re8 29.Bd3 a5 
30.Rg4+ Kf8 31.Rh4 Kg7 32.Rg4+ Kf8 33.Rh4 Kg7 
34.Rg4+ Kf8 {(offering draw)}  35.Bh7 {Not when 
I'm a rook up!!}  Re6 36.Rg8+ Ke7 37.Rb8 Ba6 
38.Rb6 Bc8 39.Rb8 Bd7 40.Rb7 Re2 41.Rb1 Ke6 42.Kf1 
Re5 43.Ra7 a4 44.g4 Kd6 45.b3 axb3 46.axb3 f6 
47.Re1 Rxe1+ 48.Kxe1 Be6 49.Bf5 Bxf5 50.gxf5 Ke5 
51.Ra6 Kd6 52.Ra7 Ke5 53.Rh7 Kxf5 54.Rxh6 Kg5 
55.Rh7 Kf4 56.Rc7 Kf3 57.Rxc6 f5 
58.Rc5 1-0

[Event "HCL-B3856"]
[Site "www.playchess.de"]
[Date "2006.02.03"]
[Round "14"]
[White "Snillie"]
[Black "chessH"]
[WhiteElo "1488"]
[BlackElo "1262"]
[PlyCount "52"]
[Result "0-1"]

1.c4 e5 2.g3 c5 3.Bg2 Nf6 4.Nc3 d5 5.cxd5 Bd6 6.e4 
Bd7 7.Nge2 Na6 8.a3 Nc7 9.d3 O-O 10.f4 Bg4 11.h3 
Bxe2 12.Nxe2 Nb5 13.Be3 Nh5 14.Qb3 a6 15.O-O Qd7 
16.g4 Nf6 17.f5 g6 18.Kh2 Nd4 19.Bxd4 exd4+ 20.Kh1 
b5 21.Rac1 g5 22.Ng1 Bc7 23.Nf3 Qd6 24.Qc2 h5 
25.Qxc5 hxg4 26.Nxg5 Qh2+ 0-1

[Event "HCL-E1539"]
[Site "www.playchess.de"]
[Date "2006.02.03"]
[Round "1"]
[White "ippuli"]
[Black "Vinci"]
[WhiteElo "1614"]
[BlackElo "1583"]
[PlyCount "73"]
[Result "1-0"]

1.e4 {Hello! Good luck...}  e6 {hi and happy new 
year! have a nice game!}  2.d4 {Happy new year to 
you, too!}  d5 3.e5 c5 4.Qg4 cxd4 5.Nf3 Nc6 6.Bd3 
Qc7 7.O-O Nxe5 8.Nxe5 Qxe5 9.Bf4 Qf6 10.Re1 Be7 
11.Be5 Nh6 12.Qxg7 Qxg7 {wow! incredible! perfect 
game of you!}  13.Bxg7 {Thank you, but it is not 
over yet!!}  Rg8 {hm? no counter-attack for me...} 
 14.Bxh6 f6 15.Bxh7 {More material, thank you!}  
Rh8 16.Bg6+ Kd8 {you are not really welcome ;-) 
but a pawn more or leass... i lost already too 
much (knight)}  17.Bd2 {I can make many 
blumbers...}  e5 18.Bf7 Bf5 19.Bxd5 Bxc2 20.Bxb7 
Rb8 21.Be4 Bxe4 22.Rxe4 Rxb2 23.Ba5+ Kd7 24.Nd2 
Bd6 25.Nc4 Rc2 26.Nxd6 Kxd6 27.a3 f5 28.Ree1 Rhc8 
29.Bb4+ Kd5 30.h4 e4 31.Rad1 f4 32.g3 e3 33.fxe3 
fxe3 34.Rxe3 Kc4 {how sad, it would have been 
interesting with the two connected pawns...}  
35.Red3 {Well, this is not over yet!}  Rd8 36.Be7 
Rd7 37.Bf6 {I hope that d4 is going....} 
 1-0

[Event "HCL-C4079"]
[Site "www.playchess.de"]
[Date "2006.02.03"]
[Round "18"]
[White "Treebeard"]
[Black "Mlodzinsky"]
[WhiteElo "1239"]
[BlackElo "1071"]
[PlyCount "51"]
[Result "0-1"]

1.e4 e5 2.Nf3 d6 3.Bc4 h6 4.O-O Nf6 5.Nc3 Bd7 6.d3 
c6 7.a3 b5 8.Ba2 Be7 9.Be3 O-O 10.Nh4 Nxe4 11.Nf3 
{should have seen that one :-)}  Nxc3 {Don't 
worry, my mistakes will come:-)}  12.bxc3 {One can 
only hope ;-)}  Bf6 {hehehe}  13.Re1 a5 14.d4 e4 
15.Nd2 d5 16.Nb3 Na6 17.Nc5 Nxc5 18.dxc5 a4 19.Bd4 
Rb8 20.Rb1 Re8 21.Bxf6 Qxf6 22.Qd4 Qg6 23.g3 {no 
no, I'm trying that one in another game just now 
:-) You will beat me, but with that :-)}  Re7 
{hehe, in what game is that? Just curious:-)}  
24.c4 {HCL-C4106-21}  e3 {thank you}  25.Rxe3 Rxe3 
26.Qxe3 {You're too strong for me :-) I've enjoyed 
the game - thanks.}  0-1

[Event "HCL-B3766"]
[Site "www.playchess.de"]
[Date "2006.02.03"]
[Round "5"]
[White "dOoOb"]
[Black "Sarek7"]
[WhiteElo "798"]
[BlackElo "1158"]
[PlyCount "74"]
[Result "0-1"]

1.e3 e6 2.d4 d5 3.a3 c5 4.Nf3 Nc6 5.Bb5 Bd7 6.O-O 
Qb6 7.Nc3 a6 8.Bxc6 Bxc6 9.Ne5 Bd6 10.dxc5 Bxc5 
11.Qf3 Nf6 12.b4 Bd6 13.Nd3 d4 14.Qe2 dxc3 15.a4 
O-O 16.a5 Qc7 17.Ba3 Bb5 18.Rfd1 Rac8 19.Nc1 Bxe2 
20.Nxe2 Nd5 21.e4 Nf4 22.Nxf4 Bxf4 23.b5 axb5 
24.Bxf8 Kxf8 25.g3 Bd2 26.a6 bxa6 27.Rxa6 b4 
28.Rda1 Qc4 29.R6a8 Rxa8 30.Rxa8+ Ke7 31.Ra7+ Kf6 
32.e5+ Kxe5 33.Ra5+ Kf6 34.h3 b3 35.g4 b2 36.g5+ 
Kg6 37.Kg2 b1Q 0-1

[Event "HCL-A2535"]
[Site "www.playchess.de"]
[Date "2006.02.03"]
[Round "4"]
[White "Torenvalk"]
[Black "Lennin"]
[WhiteElo "1532"]
[BlackElo "1504"]
[PlyCount "55"]
[Result "1-0"]

1.c4 {Have a good game.}  e5 {Hi!}  2.g3 Nf6 3.Nc3 
Bc5 4.Bg2 Bxf2+ 5.Kxf2 Ng4+ 6.Ke1 O-O 7.h3 Nf6 
8.Nf3 d6 9.Kf2 Nc6 10.Rf1 e4 11.Ng5 Qe7 12.Ngxe4 
Nxe4+ 13.Nxe4 f5 14.Nc3 f4 15.g4 Qh4+ 16.Kg1 h5 
17.d3 hxg4 18.Rxf4 Rxf4 19.Bxf4 gxh3 20.Bd5+ Kh8 
21.Qf1 Ne7 22.Qf2 Qh5 23.Bxd6 Qg6+ 24.Bg3 Bf5 
25.e4 Bd7 26.Bf7 Qg5 27.Rf1 g6 
28.Qf6+ 1-0

[Event "HCL-E1546"]
[Site "www.playchess.de"]
[Date "2006.02.03"]
[Round "6"]
[White "XANDERKIRV"]
[Black "DarianTomb"]
[WhiteElo "1472"]
[BlackElo "1672"]
[PlyCount "102"]
[Result "0-1"]

1.e4 c5 2.Nf3 Nc6 3.d4 cxd4 4.Nxd4 Qb6 5.Nb3 Nf6 
6.Nc3 e6 7.a3 Be7 8.Be3 Qc7 9.Qd2 O-O 10.f3 Rd8 
11.O-O-O d5 12.exd5 Nxd5 13.Nxd5 Rxd5 14.Qe1 Rxd1+ 
15.Qxd1 b6 16.Kb1 Bb7 17.Qc1 Bd6 18.h4 Rd8 19.h5 
h6 20.Be2 Ne7 21.g4 Nd5 22.Bd2 Nf4 23.Bd1 Bd5 
24.Ka1 Be5 25.Bxf4 Bxf4 26.Qb1 Qb7 27.Be2 Bxf3 
28.Bxf3 Qxf3 29.Rg1 Bg3 30.g5 hxg5 31.c3 e5 32.Rh1 
Bh4 33.h6 gxh6 34.Rf1 Qd3 35.Qc1 f5 36.Rh1 f4 
37.Rxh4 gxh4 38.Qg1+ Qg3 39.Qh1 h3 40.Qc6 h2 
41.Qe6+ Kh7 42.Qe7+ Qg7 43.Qxd8 h1Q+ 44.Ka2 Qe4 
45.Nd2 Qf7+ 46.c4 Qc2 47.Qd6 Qh5 48.Qd5 Qhg6 
49.Qd7+ Qg7 50.Qd5 b5 51.c5 Qg8 0-1

[Event "HCL-B3639"]
[Site "www.playchess.de"]
[Date "2006.02.03"]
[Round "14"]
[White "Regicide"]
[Black "cxstevec"]
[WhiteElo "988"]
[BlackElo "1322"]
[PlyCount "84"]
[Result "0-1"]

1.e4 c5 {hi, have a nice game}  2.Nc3 d6 3.d3 g6 
4.Be2 Bg7 5.Bd2 Nf6 6.Bf3 O-O 7.Qe2 a6 8.O-O-O Nc6 
9.Be3 b5 10.e5 Nxe5 11.Bxa8 Bg4 12.f3 Be6 13.Be4 
Nxe4 14.Nxe4 a5 15.g4 b4 16.Bf4 Nc6 17.c3 Qb6 
18.Kc2 a4 19.Rb1 a3 20.bxa3 Qa6 21.Kd2 Qxa3 22.Ke3 
bxc3 23.Nh3 Nd4 24.Qe1 Nc2+ 25.Ke2 {Ouch!!}  Nxe1 
26.Rhxe1 Qxa2+ 27.Kf1 c2 28.Rb7 d5 29.Nxc5 Bc3 
30.Rc1 Bd4 31.Nd7 Rc8 32.Ng5 Qa6 33.Rb3 Bxd7 
34.Ke2 Qa2 35.Rb4 Bb2 36.Rb7 Bxc1 37.Bxc1 Qa1 
38.Kd2 Qc3+ 39.Ke2 Qe5+ 40.Ne4 dxe4 41.Rxd7 exd3+ 
42.Kxd3 Qb5+ 0-1

[Event "HCL-C3988"]
[Site "www.playchess.de"]
[Date "2006.02.03"]
[Round "6"]
[White "Milosforman"]
[Black "Thrustnicely"]
[WhiteElo "1032"]
[BlackElo "1053"]
[PlyCount "95"]
[Result "1-0"]

1.d4 c5 2.dxc5 Qa5+ 3.Bd2 Qxc5 4.b4 Qf5 5.Nf3 f6 
6.Nd4 Qe5 7.e3 Nc6 8.f4 Qd5 9.c4 Qe4 10.Nc3 Qg6 
11.f5 Qg5 12.e4 Nxd4 13.Bxg5 Nc6 14.b5 Ne5 15.Bh4 
e6 16.fxe6 d6 17.Be2 Bxe6 18.Bg4 Bxc4 19.Bf5 g6 
20.Bh3 Nd3+ 21.Kd2 Bh6+ 22.Kc2 Nb4+ 23.Kb2 Nd3+ 
24.Ka3 Bf8 25.Nd5 Rc8 26.Bxf6 Nxf6 27.Nxf6+ Kf7 
28.Bxc8 d5+ 29.Ka4 Nb2+ 30.Ka5 Nxd1 31.Rhxd1 Kxf6 
32.exd5 Bd6 33.Bxb7 Rb8 34.Bc6 Rb6 35.Rd4 Bc7 
36.Kb4 Be2 37.d6 Bd8 38.d7 a5+ 39.Ka4 Kg7 40.Re1 
Bg4 41.Rxg4 h5 42.Rge4 Kf7 43.R4e8 Rb8 44.R1e7+ 
Kf6 45.Rh7 Kg5 46.b6 Kf6 47.b7 Kf5 
48.Rhh8 1-0

[Event "HCL-C4083"]
[Site "www.playchess.de"]
[Date "2006.02.03"]
[Round "11"]
[White "Milosforman"]
[Black "O_Man"]
[WhiteElo "908"]
[BlackElo "1100"]
[PlyCount "52"]
[Result "0-1"]

1.d4 d5 2.Nc3 Nc6 3.e3 e5 4.Bb5 Bd7 5.Bxc6 Bxc6 
6.dxe5 d4 7.f3 dxc3 8.Qxd8+ Rxd8 9.Ne2 cxb2 
10.Bxb2 Nh6 11.Nd4 Bc5 12.Nxc6 bxc6 13.e6 fxe6 
14.Bxg7 Rg8 15.Bxh6 Rxg2 16.Kf1 Rdd2 17.Rg1 Rgf2+ 
18.Ke1 Rdxc2 19.Rg8+ Kf7 20.Rg7+ Kf6 21.Rxc7 Rfxh2 
22.Bg7+ Kg6 23.Kd1 Rcg2 24.Bc3 Rh1+ 25.Be1 Bb4 
26.Rxh7 Rxe1+ 0-1

[Event "HCL-A2556"]
[Site "www.playchess.de"]
[Date "2006.02.03"]
[Round "19"]
[White "Kinslayer"]
[Black "zemljanin"]
[WhiteElo "1714"]
[BlackElo "1403"]
[PlyCount "75"]
[Result "1-0"]

1.d4 {Hi!}  d5 {hi,happy new year}  2.Bf4 {thx. 
you too.}  f6 3.e3 a6 4.a4 Nc6 5.Bd3 e5 6.dxe5 f5 
7.Nf3 Bc5 8.c3 h6 9.Nd4 Bxd4 10.exd4 Nge7 11.h4 g6 
12.Qd2 Na5 13.Qc2 Be6 14.Nd2 Qd7 15.b4 Nc4 16.Nb3 
b6 17.a5 b5 18.Nc5 Qc6 19.O-O-O O-O-O 20.Rdg1 Rdg8 
21.f3 Rg7 22.g3 g5 23.hxg5 h5 24.Rh2 Na3 25.Qe2 
Ng6 26.Kb2 Nc4+ 27.Ka2 h4 28.Rgh1 Kb8 29.Qc2 Ka7 
30.Bc1 Qe8 31.gxh4 Rf8 32.h5 Ngxe5 33.dxe5 Nxe5 
34.Re2 Bg8 35.f4 d4+ 36.Ka1 Re7 37.Rxe5 Rxe5 
38.fxe5 1-0

[Event "HCL-B3868"]
[Site "www.playchess.de"]
[Date "2006.02.03"]
[Round "7"]
[White "nico21"]
[Black "DTW"]
[WhiteElo "1510"]
[BlackElo "1289"]
[PlyCount "87"]
[Result "1-0"]

1.e4 e5 2.Nf3 Nc6 3.Bb5 a6 4.Ba4 b5 5.Bb3 Nf6 
6.O-O d6 7.c3 Be6 8.Bc2 Be7 9.d4 exd4 10.cxd4 Bg4 
11.h3 Bh5 12.Re1 O-O 13.a4 Bxf3 14.Qxf3 Nxd4 
15.Qd3 Nxc2 16.Qxc2 bxa4 17.Rxa4 c5 18.Bg5 Nd7 
19.Bxe7 Qxe7 20.Nc3 Ne5 21.Nd5 Qg5 22.Qe2 Ra7 
23.f4 Qh4 24.fxe5 dxe5 25.Rc1 f5 26.Rxc5 fxe4 
27.Rxe4 Qd8 28.Nc3 Qb6 29.Rexe5 Raf7 30.Kh2 Qb8 
31.Qxa6 Re8 32.Rcb5 Qc7 33.Rbc5 Qb8 34.Qc4 Qxe5+ 
35.Rxe5 Rxe5 36.Nb5 Kf8 37.Qd4 Rfe7 38.Nd6 R5e6 
39.Qc5 g6 40.Nc8 R6e5 41.Qxe7+ Rxe7 42.Nxe7 Kxe7 
43.Kg3 Kd6 44.Kg4 1-0

[Event "HCL-A2454"]
[Site "www.playchess.de"]
[Date "2006.02.03"]
[Round "1"]
[White "alldrix"]
[Black "seisan"]
[WhiteElo "1647"]
[BlackElo "1424"]
[PlyCount "76"]
[Result "0-1"]

1.e4 c5 2.b4 e6 3.Nf3 cxb4 4.d4 d5 5.Nbd2 Nc6 
6.Bd3 Nf6 7.O-O Be7 8.Re1 O-O 9.e5 Nd7 10.Nb3 a5 
11.Be3 Re8 12.Qd2 Nf8 13.Ng5 Ng6 14.f4 Bxg5 
15.fxg5 b6 16.Qf2 Ba6 17.Ref1 Rf8 18.Bxa6 Rxa6 
19.h4 Nge7 20.Rad1 a4 21.Nc1 Nf5 22.Nd3 Ra8 23.g4 
Nxe3 24.Qxe3 Qe7 25.h5 Rac8 26.h6 gxh6 27.gxh6 Qh4 
28.Rf2 Kh8 29.Rg2 Rfg8 30.Rf1 Rxg4 31.Rf4 Rcg8 
32.Rgxg4 Rxg4+ 33.Kf1 Qh1+ 34.Ke2 Rg2+ 35.Nf2 Qh2 
36.Rxf7 Qh5+ 37.Rf3 Rg3 38.Qf4 
Rxf3 0-1

[Event "HCL-A2597"]
[Site "www.playchess.de"]
[Date "2006.02.03"]
[Round "3"]
[White "dynamike"]
[Black "Alex77"]
[WhiteElo "1442"]
[BlackElo "1350"]
[PlyCount "41"]
[Result "1-0"]

1.e4 e5 {Hi!}  2.Nf3 {Hi}  Nc6 3.Bc4 Nf6 4.Ng5 Bc5 
5.Nxf7 Bxf2+ 6.Kf1 Qe7 7.Nxh8 d5 8.Be2 g6 9.exd5 
Nd4 10.Kxf2 Qc5 11.Kf1 Bf5 12.d3 Nxc2 13.Nc3 Nxa1 
14.Bg5 Nxd5 15.Nxd5 Qxd5 16.Qxa1 Bxd3 17.Qd1 e4 
18.Bd2 O-O-O 19.Bc3 Qf5+ 20.Ke1 e3 
21.Bg4 1-0

[Event "HCL-C4099"]
[Site "www.playchess.de"]
[Date "2006.02.03"]
[Round "3"]
[White "donsimon"]
[Black "ivofle"]
[WhiteElo "1025"]
[BlackElo "818"]
[PlyCount "43"]
[Result "1-0"]

1.e4 e5 2.d4 Nc6 3.d5 Na5 4.Nf3 d6 5.Bd2 b6 6.Nc3 
Nf6 7.b4 c5 8.bxa5 bxa5 9.Rb1 Ba6 10.Bxa6 Be7 
11.Bb5+ Kf8 12.Rb3 a6 13.Ba4 Ng4 14.O-O Bf6 
15.Nxe5 dxe5 16.Qxg4 c4 17.Rb2 Rb8 18.Rfb1 h6 
19.R2xb8 Qxb8 20.Rxb8+ Ke7 21.Rb7+ Kd6 
22.Be3 1-0

[Event "HCL-C4136"]
[Site "www.playchess.de"]
[Date "2006.02.03"]
[Round "2"]
[White "chimiel"]
[Black "dg"]
[WhiteElo "1562"]
[BlackElo "1212"]
[PlyCount "63"]
[Result "1-0"]

1.e4 e5 2.f4 exf4 3.Nf3 h6 4.Bc4 d6 5.O-O Be6 6.d3 
Bxc4 7.dxc4 g5 8.Nc3 Nc6 9.b3 Bg7 10.Bb2 g4 11.Ne1 
g3 12.hxg3 fxg3 13.Qf3 f6 14.Qxg3 Qe7 15.Nd5 Qf7 
16.Qf4 O-O-O 17.Nd3 Rf8 18.Rae1 Nce7 19.Qg4+ Kb8 
20.N3f4 Nxd5 21.exd5 Ne7 22.Ne6 Rfg8 23.Nxg7 Rxg7 
24.Qf4 Rhg8 25.Qxh6 R7xg2+ 26.Kh1 Rxc2 27.Bxf6 
Nxd5 28.Bd4 Qd7 29.Rf8+ Rxf8 30.Qxf8+ Qc8 31.Re8 
Rc1+ 32.Bg1 1-0

[Event "HCL-C4083"]
[Site "www.playchess.de"]
[Date "2006.02.03"]
[Round "12"]
[White "O_Man"]
[Black "Linman2"]
[WhiteElo "1100"]
[BlackElo "800"]
[PlyCount "60"]
[Result "0-1"]

1.e4 c5 2.Nf3 d6 3.Bc4 e6 4.d3 Nf6 5.Nc3 a6 6.Bg5 
Be7 7.Bxf6 Bxf6 8.Qd2 O-O 9.O-O Nc6 10.Rae1 b5 
11.Bb3 Bb7 12.a4 b4 13.Na2 Bxb2 14.c3 bxc3 15.Nxc3 
Bxc3 16.Qxc3 Rb8 17.d4 cxd4 18.Nxd4 Nxd4 19.Qxd4 
Bxe4 20.Bxe6 Bxg2 21.Kxg2 fxe6 22.Rxe6 Qg5+ 23.Kh1 
Qf5 24.Rxd6 Rbe8 25.Rxa6 Qf3+ 26.Kg1 Rf4 27.Qxf4 
{damn.}  Qxf4 28.f3 Re2 29.Rf2 Qd4 30.Ra8+ 
Kf7 0-1

[Event "ACL-E214"]
[Site "www.playchess.de"]
[Date "2006.02.03"]
[Round "4"]
[White "Willy"]
[Black "Viktor"]
[WhiteElo "1859"]
[BlackElo "1576"]
[PlyCount "47"]
[Result "1/2-1/2"]

1.e4 {Hi,good luck from Budapest.(Zdrasztvuj)}  c5 
{Hi, good luck from Kiev (Dobroe utro)}  2.Nc3 {Ja 
gavarju nyemnosko po russky.}  Nc6 {Ochen' 
priyatno  :)}  3.Nf3 {Ja utsilsja pa russkij v 
skolje.}  e5 {A ya, k sozhaleniyu, ne snayu 
vengerskiy...  :(}  4.Bc4 {I offer to write in 
English.By the way,hungarian is a very hard 
language.}  Be7 5.O-O Nf6 6.d3 O-O 7.Nd5 d6 8.c3 
Nxd5 9.Bxd5 Bf6 10.h3 Ne7 11.Bc4 a6 12.Be3 b5 
13.Bb3 Be6 14.Nd2 Ng6 15.Qh5 Qd7 16.Rad1 Rad8 
17.Rfe1 Nf4 18.Bxf4 exf4 19.Nf3 Bxb3 20.axb3 Qe6 
21.Qd5 Rfe8 22.Qxe6 fxe6 23.Rda1 Rda8 24.Ra2 
{(offering draw) I offer draw!} 
 1/2-1/2

[Event "HCL-E1564"]
[Site "www.playchess.de"]
[Date "2006.02.03"]
[Round "2"]
[White "Matu"]
[Black "ippuli"]
[WhiteElo "1538"]
[BlackElo "1579"]
[PlyCount "34"]
[Result "0-1"]

1.Nf3 d5 2.b3 Bg4 3.Bb2 Nc6 4.h3 Bh5 5.g4 Bg6 6.a3 
h5 7.Bg2 hxg4 8.hxg4 Rxh1+ 9.Bxh1 Nh6 10.g5 Ng4 
11.Nd4 Nxd4 12.Bxd4 e5 13.Bb2 Qxg5 14.Bxd5 Qh4 
15.d4 Qxf2+ {I was able to catch yor Queen with 
Nxf2, but I counted the mate this way!}  16.Kd2 
Qe3+ 17.Ke1 Be7 0-1